| 000 | 00000nam##2200000za#4500 |
| 001 | 9.646723 |
| 003 | CaOODSP |
| 005 | 20200330132335 |
| 007 | ta |
| 008 | 150407|1997||||xxc||||| f|0| 0 eng|d |
| 020 | |a0-662-26152-6 |
| 040 | |aCaOODSP|beng |
| 043 | |an-cn--- |
| 086 | 1 |aF2-118/1997E |
| 110 | 1 |aCanada. |bDepartment of Finance. |
| 245 | 10|aSecuring Canada's retirement income system |
| 260 | |aOttawa - Ontario : |bFinance Canada |c1997. |
| 300 | |a21p. : |bgraph ; |c22 cm. |
| 500 | |aContents: Foreword.--How the system works.--Actions taken.--Guaranteed retirement support.--Making the system secure.--Questions and answers. |
| 563 | |aSoftcover |
| 590 | |a97-39|b1997-09-26 |
| 775 | 08|tAssurer la solidité du système canadien de revenu de retraite |w(CaOODSP)9.680242 |
| 776 | 0#|tSecuring Canada's retirement income system |w(CaOODSP)9.696414 |